000 00596nam a2200217Ii 4500
001 19197
003 CO-ViMGA
008 241108s9999||||xx |||||||||||||| ||und||
020 _a958806189X
040 _aCO-ViMGA
_bspa
_erda
_cCO-ViMGA
041 0 _aspa
084 _aN FON4o
100 1 _aRamón Fonseca Mora
_951488
245 1 0 _aOjitos de ángel
264 1 _aBogotá, Colombia : Alfaguara, 2007
300 _avolumen
336 _atext
_btxt
_2rdacontent
337 _aunmediated
_bn
_2rdamedia
338 _avolume
_bnc
_2rdacarrier
940 _aidficha_siabuc: 18854. -- ficha_no_siabuc:19197
999 _c46217
_d46217